000 00515nam a2200169 i 4500
001 27222
003 ES-MaACL
005 20230906153600.0
007 t|
008 030113s1967 sp ||||1| spa d
100 1 _aArroyo Simón, Millán.
_923382
245 1 4 _aLos problemas de la adolescencia /
_cMillán Arroyo Simón.
260 _aMadrid :
_bFacultad de Filosofía y Letras, Sección de Pedagogía,
_c1967.
300 _a104 p. ;
_c20 cm.
502 _aTesis doctoral.
852 _aES-MaACL
_jC-33106
_bR.63736
999 _c27222
_d27222